Applied multidimensional systems theory (Record no. 3875)

000 -LEADER
fixed length control field 00598nam a2200217 a 4500
001 - CONTROL NUMBER
control field 3875
003 - CONTROL NUMBER IDENTIFIER
control field BD-DhUET
008 - FIXED-LENGTH DATA ELEMENTS--GENERAL INFORMATION
fixed length control field 810514s1982 nyua b 001 0 eng
020 ## - INTERNATIONAL STANDARD BOOK NUMBER
International Standard Book Number 0442272146
040 ## - CATALOGING SOURCE
Original cataloging agency DLC
Transcribing agency DLC
Modifying agency BD-DhUET
082 00 - DEWEY DECIMAL CLASSIFICATION NUMBER
Classification number 620.7
Item number BOS/1982
100 1# - MAIN ENTRY--PERSONAL NAME
Personal name Bose, N. K.
245 10 - TITLE STATEMENT
Title Applied multidimensional systems theory
Statement of responsibility, etc. by N. K. Bose
250 ## - EDITION STATEMENT
Edition statement 1st ed.
260 ## - PUBLICATION, DISTRIBUTION, ETC. (IMPRINT)
Place of publication, distribution, etc. New York
Name of publisher, distributor, etc. Van Nostrand Reinhold
Date of publication, distribution, etc. 1982
300 ## - PHYSICAL DESCRIPTION
Extent xvi, 411 p.
Other physical details ill.
Dimensions 24 cm.
490 ## - SERIES STATEMENT
Series statement Van Nostrand Reinhold Series
504 ## - BIBLIOGRAPHY, ETC. NOTE
Bibliography, etc Includes bibliographies
650 #0 - SUBJECT ADDED ENTRY--TOPICAL TERM
Topical term or geographic name as entry element System analysis
942 ## - ADDED ENTRY ELEMENTS (KOHA)
Koha item type General Book
Holdings
Piece designation (barcode) Price effective from Lost status Sublocation or collection (holding branch) Source of classification or shelving scheme Koha date last seen Shelving location Koha full call number Koha item type Location (home branch) Date acquired Damaged status Copy number Koha normalized classification for sorting Withdrawn status Not for loan
762842014-11-06 Central Library, BUET 2014-11-06Circulation section620.7/BOS/1982General BookCentral Library, BUET2014-11-06 1620_000000000000000_7BOS1982  
762852014-11-06 Central Library, BUET 2014-11-06Circulation section620.7/BOS/1982General BookCentral Library, BUET2014-11-06 2620_000000000000000_7BOS1982  
765922014-11-06 Central Library, BUET 2014-11-06Circulation section620.7/BOS/1982General BookCentral Library, BUET2014-11-06 3620_000000000000000_7BOS1982